000
00319nam a2200121Ia 4500
008
220216s9999 xx 000 0 und d
245
0
_a
High productivity through low frequency tapping
260
_b
Rubber Asia
_c
2000
300
_a
57-59
650
_a
Low frequency tapping
650
_a
Yield performance
942
_c
JS
999
_c
60398
_d
60398